Riforma nella continuitá: riflessioni a cinquanta anni dal Concilio Vaticano II su Presbyterorum Ordinis e Optatam Totius per la formazione sacerdotale e un fecondo ministero presbiterale
Furkejuvvon:
| Váldodahkkit: | , |
|---|---|
| Materiálatiipa: | Girji |
| Giella: | itáliagiella |
| Almmustuhtton: |
Reggio Emilia
Solfanelli
2016
|
| Preanttus: | 1a. ed |
| Ráidu: | Nova et Vetera , 2
|
| Fáttát: | |
| Fáddágilkorat: |
Lasit fáddágilkoriid
Eai fáddágilkorat, Lasit vuosttaš fáddágilkora!
|
MARC
| LEADER | 00000cam a2200000 a 4500 | ||
|---|---|---|---|
| 001 | UCD8290 | ||
| 003 | CL-VaPUC | ||
| 008 | 170508e20160000it |||||||||||||||||ita|d | ||
| 020 | |a 9788874979868 | ||
| 082 | 0 | 4 | |a 262.91 |b MAR |2 21 |
| 100 | |a Marchetto, Agostino |e autor |9 592036 | ||
| 700 | 0 | |a Parise, Giovanni |e author |9 592037 | |
| 245 | 1 | 0 | |a Riforma nella continuitá: riflessioni a cinquanta anni dal Concilio Vaticano II su Presbyterorum Ordinis e Optatam Totius per la formazione sacerdotale e un fecondo ministero presbiterale |
| 250 | |a 1a. ed | ||
| 300 | |a 79 p | ||
| 942 | |c BK | ||
| 945 | |d 20170508 01:31:00 |a arojas | ||
| 260 | |a Reggio Emilia |b Solfanelli |c 2016 | ||
| 650 | 0 | |a Concilio Vaticano II |9 258399 | |
| 650 | 0 | |a Documentos pontificios |9 255642 | |
| 650 | 0 | |a Iglesia Católica |9 256114 | |
| 650 | 7 | |a DERECHO CANONICO |2 CL-VaPUC |9 592038 | |
| 650 | 0 | |a Derecho eclesiástico |9 255055 | |
| 583 | |a last modification |c 20170508 01:31:00 |k Rodrigo Vera | ||
| 490 | 0 | |a Nova et Vetera , 2 | |
| 999 | |c 367899 |d 367897 | ||
| 952 | |0 0 |1 0 |3 erb |4 0 |6 262_910000000000000_MAR_2016 |7 0 |8 A |9 483070 |a BIBTEO |b BIBTEO |i 5390893 |o 262.91 MAR 2016 |p 5390893 |r 2025-01-17 |w 2019-11-24 |y BK |z Catalogado en:20170508 |k ICR | ||